[Event "Madrid-ch Previa-A"]
[Site "Madrid"]
[Date "2021.02.24"]
[Round "9"]
[White "Giron Herranz, Ivan"]
[Black "Alonso Pardo, Daniel"]
[Result "0-1"]
[WhiteElo "1380"]
[BlackElo "1568"]
[PlyCount "40"]
[EventDate "2021.02.08"]
[EventType "swiss"]
[EventRounds "9"]
[EventCountry "ESP"]
[SourceTitle "EXT 2022"]
[Source "ChessBase"]
[SourceDate "2021.10.06"]
[SourceVersion "1"]
[SourceVersionDate "2021.10.06"]
[SourceQuality "1"]

1. f4 d5 2. e3 Nf6 3. Nf3 Nc6 4. b3 g6 5. Bb2 Bg7 6. Bb5 Bd7 7. Nd4 Nxd4 8. Bxd7+ Qxd7 9. Bxd4 Nh5 10. Bxg7 Nxg7 11. 0-0 0-0 12. Nc3 f6 13. Qf3 Rad8 14. Ne2 e5 15. d3 Qe6 16. c4 e4 17. dxe4 dxe4 18. Qg3 Nf5 19. Qh3 Rd3 20. Kf2 Qb6 0-1

[Event "Madrid San Viator op-B 26th"]
[Site "Madrid"]
[Date "2016.05.08"]
[Round "5"]
[White "Alonso Pardo, Daniel"]
[Black "Amador Andujar, Alfredo"]
[Result "0-1"]
[WhiteElo "1581"]
[BlackElo "1471"]
[PlyCount "63"]
[EventDate "2016.04.03"]
[EventType "swiss"]
[EventRounds "9"]
[EventCountry "ESP"]
[SourceTitle "EXT 2017"]
[Source "ChessBase"]
[SourceDate "2016.10.25"]
[SourceVersion "1"]
[SourceVersionDate "2016.10.25"]
[SourceQuality "1"]

1. e4 c5 2. Nf3 d6 3. h3 a6 4. c3 Nf6 5. Qc2 Qc7 6. a4 b6 7. Bc4 Bb7 8. d3 e6 9. 0-0 Be7 10. Re1 Nc6 11. Ba2 Rc8 12. Bf4 0-0 13. Qe2 e5 14. Be3 Ra8 15. Nbd2 b5 16. Bb3 b4 17. c4 Bc8 18. Nf1 Be6 19. Ng5 Bd7 20. Ng3 h6 21. Nf3 Be6 22. Nh4 Nxe4 23. Nxe4 Bxh4 24. Qh5 Qe7 25. Rf1 f5 26. Nxd6 Bxf2+ 27. Rxf2 Qxd6 28. Qg6 Rf6 29. Qh5 f4 30. Raf1 Raf8 31. Bc1 Bf7 32. Qe2 0-1

[Event "Madrid San Viator op 22nd"]
[Site "Madrid"]
[Date "2014.06.01"]
[Round "9"]
[White "Alonso Pardo, Daniel"]
[Black "San Felipe Gonzalez, Tomas"]
[Result "0-1"]
[WhiteElo "1552"]
[BlackElo "1701"]
[PlyCount "59"]
[EventDate "2014.03.23"]
[EventType "swiss"]
[EventRounds "9"]
[EventCountry "ESP"]
[SourceTitle "EXT 2015"]
[Source "ChessBase"]
[SourceDate "2014.11.20"]
[SourceVersion "1"]
[SourceVersionDate "2014.11.20"]
[SourceQuality "1"]

1. d4 d5 2. Bf4 c5 3. e3 Nc6 4. a3 Qb6 5. b3 cxd4 6. exd4 Qxd4 7. Qxd4 Nxd4 8. Bd3 Nf6 9. Be5 Nc6 10. Bg3 e5 11. f3 a6 12. Nc3 Be6 13. Nge2 Bc5 14. b4 Ba7 15. b5 axb5 16. Nxb5 Bb8 17. 0-0 0-0 18. Bf2 e4 19. fxe4 dxe4 20. Bxe4 Nxe4 21. c3 Bc4 22. Nbd4 Nxd4 23. Nxd4 Bxf1 24. Kxf1 Nxc3 25. Nf5 Be5 26. Bd4 Bxd4 27. Nxd4 Ra4 28. Nb3 Rfa8 29. Rc1 Rc8 30. Nd4 0-1

[Event "Madrid San Viator op 22nd"]
[Site "Madrid"]
[Date "2014.04.27"]
[Round "5"]
[White "Garcia Sanjuan, Jose"]
[Black "Alonso Pardo, Daniel"]
[Result "1-0"]
[WhiteElo "1867"]
[BlackElo "1552"]
[PlyCount "81"]
[EventDate "2014.03.23"]
[EventType "swiss"]
[EventRounds "9"]
[EventCountry "ESP"]
[SourceTitle "EXT 2015"]
[Source "ChessBase"]
[SourceDate "2014.11.20"]
[SourceVersion "1"]
[SourceVersionDate "2014.11.20"]
[SourceQuality "1"]

1. b3 Nf6 2. Bb2 e6 3. g3 g6 4. Bg2 Bg7 5. c4 c6 6. e3 d5 7. Nf3 b6 8. Ne5 Bb7 9. Qf3 0-0 10. 0-0 c5 11. Na3 Ne4 12. Qd1 a6 13. d3 Nd6 14. Qe2 b5 15. Ng4 b4 16. Bxg7 Kxg7 17. Qb2+ f6 18. Nc2 h5 19. Ne5 fxe5 20. Qxe5+ Rf6 21. cxd5 Qe7 22. dxe6 Bxg2 23. Kxg2 Qxe6 24. Qxc5 Nd7 25. Qxb4 Raf8 26. Nd4 Qg4 27. h3 Qg5 28. Qc3 Kh6 29. h4 Qe5 30. Qd2 Kh7 31. Rac1 Nf5 32. Nf3 Qd6 33. Ng5+ Kg7 34. f4 Re8 35. e4 Nh6 36. Qc3 Kg8 37. Qc4+ Rfe6 38. Nxe6 Rxe6 39. f5 Nf8 40. fxe6 Qxe6 41. Rxf8+ 1-0

[Event "Madrid San Viator op 22nd"]
[Site "Madrid"]
[Date "2014.04.06"]
[Round "3"]
[White "Navarro Fernandez, Miguel"]
[Black "Alonso Pardo, Daniel"]
[Result "0-1"]
[WhiteElo "1851"]
[BlackElo "1552"]
[PlyCount "44"]
[EventDate "2014.03.23"]
[EventType "swiss"]
[EventRounds "9"]
[EventCountry "ESP"]
[SourceTitle "EXT 2015"]
[Source "ChessBase"]
[SourceDate "2014.11.20"]
[SourceVersion "1"]
[SourceVersionDate "2014.11.20"]
[SourceQuality "1"]

1. e4 g6 2. d4 Bg7 3. c4 d6 4. Nc3 Nc6 5. Be3 b6 6. c5 a6 7. Qa4 Qd7 8. cxb6 cxb6 9. d5 Ne5 10. Bxb6 Nf6 11. Bb5 axb5 12. Qxa8 Nd3+ 13. Kd2 Nxb2 14. Bd4 Nxe4+ 15. Nxe4 Bxd4 16. Rb1 Qg4 17. h3 Qf4+ 18. Kc2 Qxe4+ 19. Kb3 Qd3+ 20. Kb4 Bc5+ 21. Ka5 Qa3+ 22. Kxb5 Qxa8 0-1